| 000 | 01161cam a2200337 a 4500 | ||
|---|---|---|---|
| 999 |
_c233053 _d233053 |
||
| 001 | 16755783 | ||
| 003 | Nust | ||
| 005 | 20170228111500.0 | ||
| 008 | 110429s2011 nyu 000 1 eng | ||
| 010 | _a 2011016445 | ||
| 020 | _a9780007383795 (pbk.) | ||
| 040 |
_aDLC _cDLC _dDLC |
||
| 042 | _apcc | ||
| 043 | _ae-ie--- | ||
| 050 | 0 | 0 |
_aPR6061.E484 _bH66 2011 |
| 082 | 0 | 0 |
_a823.92 _bKEL |
| 100 | 1 | _aKelly, Cathy. | |
| 245 | 1 | 0 |
_aHomecoming / _cCathy Kelly. |
| 250 | _a1st Gallery books trade paperback ed. | ||
| 260 |
_aNew York : _bGallery Books, _c2011. |
||
| 300 |
_a440 p. ; _c21 cm. |
||
| 650 | 0 |
_aWomen psychoanalysts _vFiction. |
|
| 650 | 0 |
_aHomecoming _vFiction. |
|
| 650 | 0 |
_aWomen _zIreland _vFiction. |
|
| 650 | 0 |
_aLife change events _vFiction. |
|
| 651 | 0 |
_aIreland _vFiction. |
|
| 655 | 0 | _aPsychological fiction. | |
| 655 | 0 | _aDomestic fiction. | |
| 906 |
_a7 _bcbc _corignew _d1 _eecip _f20 _gy-gencatlg |
||
| 942 |
_2ddc _cBK |
||